Stazioni della linea ferroviaria direttissima (FI - BO) - Statistics

Statistiche generali
  • Questo quiz è stato fatto 91 volte
  • Il punteggio medio è 10 su 21
Statistiche sulle risposte
Progressiva chilometrica Provincia Nome della stazione % Corretto
0+000 FI Firenze Santa Maria Novella
98%
2+767 FI Firenze Rifredi
89%
96+908 BO Bologna Centrale
85%
5+372 FI Firenze Castello
64%
16+386 PO Prato Centrale
64%
7+992 FI Sesto Fiorentino
64%
12+555 FI Calenzano
45%
26+514 PO Vaiano
45%
36+892 PO Vernio - Montepiano - Cantagallo
42%
56+288 BO San Benedetto Val di Sambro - Castiglione dei Pepoli
39%
6+588 FI Zambra
38%
90+490 BO Bologna San Ruffillo
35%
71+543 BO Monzuno - Vado
35%
9+040 FI Il Neto
33%
80+702 BO Pianoro
33%
11+025 FI Pratignone
33%
94+191 BO Bologna San Vitale
32%
61+397 BO Grizzana
32%
88+000 BO Rastignano
30%
92+695 BO Bologna Mazzini
29%
83+018 BO Musiano - Pian di Macina
24%
Nessun quiz corrispondente trovato
Distribuzione punteggi
Percentuale di utenti per punteggio
Percentile per numero di risposta
I tuoi punteggi nel tempo
Non hai fatto questo quiz